| 000 | 00711nam a22002297a 4500 | ||
|---|---|---|---|
| 003 | UA-OsUOA | ||
| 001 | 64916 | ||
| 007 | ta | ||
| 008 | 20091111b un ||||| |||| 00| 0 ukr d | ||
| 090 |
_a94(477):656.835 _bК78 |
||
| 942 | _cBK | ||
| 040 |
_aUA-OsUOA _bukr _cUA-OsUOA _dUA-OsUOA |
||
| 245 |
_aКраса і велич України _bРегіони та адміністративні центри України на поштових марках |
||
| 300 | _a120 с. | ||
| 955 | _a2 | ||
| 041 | _aukr | ||
| 080 | _a94(477):656.835 | ||
| 020 | _a966-96107-1-0 | ||
| 260 |
_aК. _bУкрпошта _c2006 |
||
| 650 | 7 |
_a9 Географія. Біографії. Історія _2UDC |
|
| 999 |
_c351022 _d351022 |
||